Top 15 dei paesi con decessi Covid-19 - 9 settembre - Statistics

Statistiche generali
  • Questo quiz è stato fatto 3 volte
  • Il punteggio medio è 12 su 19
Statistiche sulle risposte
paese % Corretto
Brasile
100%
Francia
100%
Italia
100%
Spagna
100%
Stati Uniti
100%
Ecuador
67%
India
67%
Iran
67%
Messico
67%
Perù
67%
Regno Unito
67%
Russia
67%
Belgio
33%
Bolivia
33%
Cile
33%
Colombia
33%
Panama
33%
Sudafrica
33%
Svezia
33%
Nessun quiz corrispondente trovato
Distribuzione punteggi
Percentuale di utenti per punteggio
Percentile per numero di risposta
I tuoi punteggi nel tempo
Non hai fatto questo quiz